Výmena prezidenta Podľa vládneho kabinetu by STV 2 mala byť privatizovaná

Bibliographic Details
Main Author: Slišková, Nora (Author)
Format: Article
Language:Slovak
Subjects:

MARC

LEADER 00000nab a2200000 a 4500
001 vtls000629085
003 SK-MaSNL
005 20260302185418.0
008 160401c1997 xo 0 slo
015 |a SNBRB19rr/mm-uuuuu 
035 |a CL0629224 
040 |a SNKBUCL  |b slo  |c SNKBUCL  |e AACR2 
041 0 |a slo 
044 |a xo  |c SK 
080 |a 328.1(437.6)  |2 1981 
100 1 |a Slišková, Nora  |4 aut  |9 266806 
245 1 0 |a Výmena prezidenta  |b Podľa vládneho kabinetu by STV 2 mala byť privatizovaná  |c Nora Slišková 
650 0 7 |a vláda Slovenskej republiky  |2 snkbucl  |9 898250 
655 7 |a články z novín a časopisov  |2 snkbucl  |9 267496 
773 0 |t Pravda  |g Roč. 7, č. 151 (2. 7. 1997), s. 1 
850 |a Slovenská národná knižnica v Martine  |a MTA001 
852 |a SNK  |b KIS3GCP 
958 |a SK 
958 |a RK 
958 |a RBX 
999 |c 1429413  |d 1431343